| 000 | 00873nam a22002777a 4500 | ||
|---|---|---|---|
| 001 | 9104 | ||
| 003 | FISKH | ||
| 005 | 20251128083312.0 | ||
| 008 | 251120b cb ||||| |||| 00| 0 eng d | ||
| 020 | _a9780590732840 | ||
| 040 |
_aFISKH _beng _cFISKH _dFISKH |
||
| 050 | _aPZ7.M3567585 S | ||
| 082 | _a813.54 | ||
| 100 |
_aMartin, Ann M. _eAuthor |
||
| 245 |
_aStacey and the mystery of stoneybrook / _cAnn M. Martin |
||
| 260 |
_aNew York : _bScholastic Inc. , _c1990 |
||
| 300 |
_a139 pages : _c20 cm |
||
| 490 |
_aBaby-sitters club _v#35 |
||
| 505 | _aR | ||
| 520 | _aThe Baby-sitters Club investigates the terrible noises coming from the old Hennessey place, which is sitting on top of a graveyard and may be haunted. | ||
| 521 | 8 |
_a750
_bLexile |
|
| 521 | 8 |
_aR
_bRaz-Plus |
|
| 650 |
_aChildren's _vHaunted houses |
||
| 942 |
_2ddc _cBK _n0 |
||
| 999 |
_c9104 _d9104 |
||